[Event "8th RTU Open 2018"]
[Site "Riga"]
[Date "2018.08.09"]
[Round "6"]
[White "Carlsson, Pontus"]
[Black "Predke, Alexandr"]
[Result "1/2-1/2"]
[WhiteElo "2442"]
[BlackElo "2606"]
[Annotator "TA"]
[PlyCount "33"]
[EventDate "2018.08.06"]
[EventType "swiss"]
[EventCountry "LAT"]
[SourceTitle "playchess.com"]
[Source "ChessBase"]
[SourceQuality "1"]

{[%evp 27,33,8,27,29,29,25,27,10]} 1. e4 e5 2. Nf3 Nc6 3. d4 exd4 4. Nxd4 Nf6 5. Nc3 Bb4 6. Nxc6 bxc6 7. Bd3 d5 8. exd5 O-O 9. O-O cxd5 10. h3 {C47: Scotch Four Knights and Four Knights with 4 g3} (10. Bg5 c6 11. Qf3 Bd6 12. Rae1 Rb8 13. Nd1 h6 14. Bxf6 Qxf6 15. Qxf6 gxf6 16. b3 Be6 17. Ne3 Bb4 18. Rd1 Rfe8 19. Nf5 Bxf5 20. Bxf5 Re5 21. f4 {½-½ (30) Wei,Y (2734)-Yu,Y (2759) Hangzhou 2018}) 10... c6 11. Qf3 Rb8 12. Bf4 Bd6 13. b3 Qc7 14. Ne2 Re8 {LiveBook: 5 Games} 15. c4 {White has an edge.} Bxf4 16. Nxf4 {[%cal Rc4d5] [#]} Bb7 $146 ({Predecessor:} 16... Qd6 17. Qg3 Ne4 18. Bxe4 Rxe4 {½-½ (27) Brkic,A (2581)-Jovanic,O (2547) Plitvicka Jezera 2013}) 17. Rac1 1/2-1/2

[Event "8th RTU Open 2018"]
[Site "Riga"]
[Date "2018.08.09"]
[Round "6"]
[White "Duzhakov, Ilya"]
[Black "Tanriverdi, Enes"]
[Result "1-0"]
[WhiteElo "2441"]
[BlackElo "2276"]
[Annotator "TA"]
[PlyCount "102"]
[EventDate "2018.08.06"]
[EventType "swiss"]
[EventCountry "LAT"]
[SourceTitle "playchess.com"]
[Source "ChessBase"]
[SourceQuality "1"]

{[%evp 22,102,29,11,45,27,37,0,23,0,7,0,0,0,0,0,5,0,0,0,9,1,16,-39,0,0,0,0,0,0,22,19,20,18,27,-8,0,0,27,12,14,21,16,-148,241,242,236,236,207,181,190,166,166,168,181,175,175,167,212,106,119,18,21,24,25,9,11,17,16,8,9,8,8,6,21,22,151,152,687,122,686,673,29999]} 1. d4 d5 2. c4 c6 3. Nf3 Nf6 4. e3 Bf5 5. Nc3 e6 6. Nh4 Be4 7. f3 Bg6 8. Qb3 Qc7 9. Bd2 {D12: Slav Defence: 3 Nf3 Nf6 4 e3 Bf5} Be7 10. Nxg6 (10. g3 Nbd7 11. cxd5 exd5 12. O-O-O a5 13. Nxg6 hxg6 14. Qc2 a4 15. e4 a3 16. e5 axb2+ {0-1 (59) Le,Q (2737)-Mamedov,R (2709) Huaian 2017}) 10... hxg6 11. g3 dxc4 12. Bxc4 {LiveBook: 4 Games} b5 13. Be2 a6 14. Kf2 c5 15. dxc5 Nbd7 16. Rac1 Nxc5 17. Qc2 $146 Qb7 18. Kg2 O-O 19. e4 Rac8 20. Qb1 e5 21. Rhd1 Ne6 22. Be1 (22. b4 $11) 22... Nd4 23. Bf1 Bc5 24. b4 Ba7 25. a4 Ne8 {[%cal Bf6e8,Be8d6,Bd6c4][%mdl 32]} 26. axb5 axb5 27. Bf2 {next Bxd4 is good for White.} Nd6 28. Qd3 {[%cal Rf2d4]} Nc4 {aiming for ...Nb2.} 29. Qb1 Nd6 30. Qa2 Rfd8 31. Nd5 Ra8 $1 32. Rc7 $2 (32. Qb2 $11) 32... Qb8 $2 {[%mdl 8192] [#]} (32... Bb8 $17 {and life is bright.} 33. Rxb7 Rxa2) 33. Ra1 $1 $18 Bb6 34. Qxa8 Bxc7 35. Qxb8 Bxb8 36. Bxd4 exd4 37. Ne7+ Kh7 38. Nc6 Rc8 39. Nxd4 Nxe4 40. Ra8 ({Much less strong is} 40. Nxb5 $6 Rc2+ 41. Kg1 Be5 $16) ({Don't do} 40. Bxb5 $6 Be5 $16) (40. fxe4 $18 Be5 41. Rd1 (41. Bxb5 Bxd4 42. Rd1 Rc2+ 43. Kh3 Be5 $16)) 40... Nc3 41. f4 (41. Bxb5 $16 {Hoping for Bc6.} Rd8 42. Bc6) 41... Nd5 42. Bxb5 {Black must now prevent Nc6.} Nxb4 43. h4 Rd8 44. Nf3 {Strongly threatening Ng5+.} f6 45. Bc4 Bc7 46. Ra7 Bb6 47. Rb7 Bc5 48. Rb5 Bf8 {[#]} (48... Rc8 $1 $11) 49. h5 $1 $16 {[%cal Rh5g6]} gxh5 $2 (49... Nc2 $16) 50. Rxh5+ $18 Kg6 51. g4 {[%cal Rf3h4]} Ra8 {Precision: White = 49%, Black = 51%.} 1-0

[Event "8th RTU Open 2018"]
[Site "Riga"]
[Date "2018.08.09"]
[Round "6"]
[White "Cruz Lledo, Pablo"]
[Black "Pulkkinen, Kari"]
[Result "1-0"]
[WhiteElo "2432"]
[BlackElo "2242"]
[Annotator "TA"]
[PlyCount "80"]
[EventDate "2018.08.06"]
[EventType "swiss"]
[EventCountry "LAT"]
[SourceTitle "playchess.com"]
[Source "ChessBase"]
[SourceQuality "1"]

{[%evp 13,80,8,9,8,30,3,38,-3,14,2,46,32,50,53,74,37,39,28,50,57,53,54,80,60,103,39,58,47,62,28,33,28,97,3,10,16,21,35,102,106,95,47,229,223,260,260,260,260,833,260,437,216,260,260,260,260,260,260,260,253,253,253,253,250,354,354,354,354,29971]} 1. d4 Nf6 2. Nf3 g6 3. Bg5 Bg7 4. Nbd2 O-O 5. c3 d5 6. e3 Bf5 7. Qb3 {D03: 1 d4 d5 2 Nf3 Nf6 3 Bg5, including Torre Attack with early ...d5} (7. Be2 c6 8. O-O Nbd7 9. Qb3 Qb6 10. c4 Rfe8 11. Rfc1 Be6 12. h3 h6 13. Bf4 c5 14. Qa3 Rac8 15. dxc5 Nxc5 16. b4 Qa6 17. Qxa6 Nxa6 {0-1 (47) Kamsky,G (2721)-Vachier Lagrave,M (2745) Beijing 2013}) 7... b6 {LiveBook: 4 Games} 8. c4 Be6 9. Rd1 $146 {White has an edge.} ({Predecessor:} 9. Rc1 Nbd7 10. cxd5 Bxd5 11. Bc4 Bxc4 12. Qxc4 c5 13. d5 b5 14. Qxb5 Nxd5 {1-0 (67) Rajnak,D (2240)-Macak,S (2258) Slovakia 2002}) 9... Nc6 10. Qc3 dxc4 11. Bxc4 Bxc4 (11... Nd5 {seems wilder.} 12. Qc1 h6 13. Bh4 Na5 14. Be2 c5) 12. Qxc4 Na5 13. Qc2 Qd5 14. b3 Rac8 15. O-O Qb5 16. Nc4 Nxc4 17. bxc4 Qd7 18. e4 h6 19. Bh4 (19. Bc1 $16) 19... g5 $14 20. Bg3 Nh5 21. e5 Nxg3 22. hxg3 c5 (22... c6 $11 {keeps the balance.}) 23. Rfe1 (23. d5 $1 $16) 23... cxd4 $11 24. Nxd4 {aiming for e6.} Qc7 25. Nf5 {Hoping for e6.} Qxc4 (25... e6 $14 26. Nd6 Rcd8) 26. Nxe7+ $16 Kh8 27. Qb1 Rcd8 $2 ({Better is} 27... Rce8 $14 28. Rc1 Qe6) 28. Rd6 $18 Rxd6 29. exd6 Rd8 30. Nf5 $1 Kg8 $2 {[#]} (30... Qd5 31. g4 Bf8) 31. Qd1 $2 (31. d7 $1 {[%mdl 512]} Qa4 (31... Rxd7 32. Re8+) 32. Ne7+ Kh8 33. Qf5) 31... Bf8 $2 (31... Qb5) 32. Qa1 (32. d7 $142 Qb5 33. Ne7+ Bxe7 34. Rxe7) 32... Qd3 33. Qf6 Rxd6 34. Nxd6 Qxd6 35. Qxd6 Bxd6 {KR-KB} 36. g4 Kg7 37. g3 Kg6 38. Kg2 h5 (38... Kf6 {was worth a try.} 39. Re8 Bc5) 39. gxh5+ Kxh5 {[#]} 40. Rd1 $1 {[%cal Rd1d6]} Kg6 $2 {Precision: White = 40%, Black = 25%.} (40... Bc5 $18 41. Rd7 Kg6 42. Rxa7 f6) 1-0

[Event "8th RTU Open 2018"]
[Site "Riga"]
[Date "2018.08.09"]
[Round "6"]
[White "Yankelevich, Lev"]
[Black "Stocek, Jiri"]
[Result "1-0"]
[WhiteElo "2420"]
[BlackElo "2582"]
[Annotator "TA"]
[PlyCount "101"]
[EventDate "2018.08.06"]
[EventType "swiss"]
[EventCountry "LAT"]
[SourceTitle "playchess.com"]
[Source "ChessBase"]
[SourceQuality "1"]

{[%evp 9,101,25,53,23,66,50,63,63,81,59,83,84,66,70,77,75,81,58,56,54,45,53,28,32,41,39,59,30,33,0,48,45,64,40,27,-44,72,63,61,55,197,189,221,220,213,218,220,220,218,220,387,391,389,374,432,348,356,371,490,353,362,370,361,330,456,370,365,339,572,570,568,556,564,573,756,681,843,650,636,605,910,814,1284,1243,1493,1481,1461,1429,1177,925,5704,5320,29984,29985]} 1. Nf3 Nf6 2. c4 b6 3. g3 Bb7 4. Bg2 e6 5. O-O a5 (5... Be7 6. Nc3 O-O 7. Re1 d5 8. cxd5 exd5 9. d4 Nbd7 10. Bf4 Ne4 11. Qb3 Ndf6 12. Red1 c5 13. dxc5 Bxc5 14. Nxe4 Nxe4 15. Be3 Re8 16. Bd4 Ba6 17. e3 Be2 18. Re1 Bxf3 19. Bxf3 Bxd4 20. exd4 {1-0 (58) Artemiev,V (2704)-Bologan,V (2610) Poikovsky 2018}) 6. Nc3 {A15: Englisch gegen Königs-Fianchetto} Na6 $146 ({Vorgänger:} 6... Bb4 7. Qc2 Bxc3 8. Qxc3 d6 9. d4 Nbd7 10. b3 O-O 11. Re1 Qe7 12. Ba3 c5 13. dxc5 bxc5 14. Rad1 Ra6 15. Qe3 Rb6 16. Nh4 Ne5 17. Bxb7 Qxb7 18. h3 Rc8 {0-1 (39) Kuenne,P-Pehlgrim,A (2168) Germany 2000}) 7. d3 d5 8. cxd5 {Weiß steht etwas besser.} exd5 9. Ne5 {[%cal Bf3e5,Be5c4,Bc4e3,Be3f5,Bf5h6][%mdl 32]} Bd6 10. Qa4+ Kf8 11. d4 Qe8 12. Qxe8+ Rxe8 13. Nc4 Bb4 14. Ne3 {[%cal Rc3d5]} c6 15. a3 Bd6 16. Nf5 Bc7 17. Bg5 Re6 18. f3 h6 19. Bd2 (19. Bxf6 $5 Rxf6 20. e4 $14) 19... g6 20. Nxh6 b5 21. e4 {[%cal Be2e4,Be4e5,Be5e6][%mdl 32]} Bb6 22. Ne2 ({Lieber} 22. Be3 $11) 22... c5 (22... Kg7 $15 {bleibt weiter vorne.}) 23. Nf4 $36 {[%mdl 2048] Weiss steht aktiver.} Rc6 24. e5 Nd7 (24... g5 $1 $14) 25. e6 $1 $18 ({Auf keinen Fall} 25. Nxd5 $6 Ba7 $16) 25... Rxh6 26. exd7 Rh8 27. Nxd5 Bd8 28. dxc5 Nxc5 29. Bc3 {[%cal Bd2c3,Bc3e5,Be5d6,Bd6c5][%mdl 32]} Rh5 $2 {[#]} (29... Rh7 30. Rad1 Nxd7) 30. Rad1 Ne6 31. f4 Rc5 {[%cal Rb7d5]} 32. Be5 Rc2 33. h4 f6 34. Bd6+ Kf7 35. Bf3 Rh8 36. b4 Rc4 37. Rfe1 Nd4 38. Bg2 Nf5 $2 {[#]} (38... Nc2 39. Nc7 Nxe1 40. Bxb7 Rxc7 41. Bd5+ Kg7) 39. Bc5 axb4 40. axb4 Rc2 41. Be4 Rb2 42. Rd3 Ba8 43. Nc3 Bxe4 44. Nxe4 Bc7 45. Nc3 Ra8 46. g4 Ng7 47. Nxb5 Bd8 48. Nd6+ Kg8 49. Nb7 Ne6 50. Nxd8 Nxd8 51. Rde3 {Precision: Weiß = 74%, Schwarz = 43%.} 1-0

[Event "8th RTU Open 2018"]
[Site "Riga"]
[Date "2018.08.09"]
[Round "6"]
[White "Ruiz Castillo, Joshua Daniel"]
[Black "Semjonovs, Ilja"]
[Result "1-0"]
[WhiteElo "2415"]
[BlackElo "2242"]
[Annotator "TA"]
[PlyCount "119"]
[EventDate "2018.08.06"]
[EventType "swiss"]
[EventCountry "LAT"]
[SourceTitle "playchess.com"]
[Source "ChessBase"]
[SourceQuality "1"]

{[%evp 19,119,40,50,9,5,12,20,10,38,-12,36,17,28,-29,-28,-16,-35,-18,-20,-40,8,-4,6,-29,-29,-29,-33,-31,-31,-43,-43,-43,-43,-43,-43,-65,-52,-65,-58,-81,-19,-19,-19,-19,-19,-19,-19,-32,0,0,0,0,53,58,41,0,0,-111,-58,-110,0,0,395,336,334,373,334,185,185,185,192,192,243,227,236,75,368,347,540,500,713,696,690,589,665,674,643,603,879,783,2905,2885,1546,879,5289,1210,1056,847,29966,29967,29980,29981]} 1. e4 c5 2. Nf3 d6 3. Bb5+ Nd7 4. c3 Ngf6 5. Qe2 a6 6. Ba4 b5 7. Bc2 Bb7 {B51: Sicilian: Moscow Variation (3 Bb5+) without 3...Bd7} 8. O-O e5 9. d4 Be7 10. Rd1 Qc7 {LiveBook: 16 Games} 11. a4 cxd4 12. cxd4 $146 ({Predecessor:} 12. axb5 axb5 13. Rxa8+ Bxa8 14. cxd4 b4 {1-0 (61) Kalegin,E (2467)-Khismatullin,D (2635) Ufa 2012}) 12... b4 13. d5 Rc8 14. Ne1 $1 a5 15. Bd3 O-O 16. Nd2 (16. Be3 $142 $1) 16... Nc5 $11 17. Bb5 Nfd7 18. Nc4 Nb3 19. Rb1 Nd4 {[#]} 20. Rxd4 $1 {[%mdl 512]} exd4 21. Bf4 (21. Nxa5 $5 Qxa5 22. Bxd7 $15) 21... Ne5 22. Bxe5 dxe5 23. Nd3 Bd6 {[#]} 24. f4 $1 {[%cal Rf4e5][%mdl 512]} f6 (24... exf4 25. e5) 25. f5 Ra8 26. Rc1 Rfc8 27. Kf2 Qd8 28. b3 Qe7 29. h4 Qd8 ({Black should try} 29... Kh8 $17) 30. g4 {[%cal Bg2g4,Bg4g5][%mdl 32]} Ba6 31. Bxa6 Rxa6 32. Rg1 Be7 33. g5 Kh8 34. h5 Qf8 35. Ke1 Rxc4 (35... Ra7 $11) 36. bxc4 $14 Rb6 37. gxf6 gxf6 38. Qg4 (38. Qg2 $11) 38... b3 $17 {And now ...b2 would win.} 39. Kd1 {[#]} (39. Kd2 $1 $15) 39... b2 (39... Rb8 $1 $17 40. Qg3 Rc8) 40. Kc2 $11 b1=Q+ $4 {[%mdl 8192]} (40... Ba3 $11 {and Black is okay.}) 41. Rxb1 $18 Rxb1 42. Kxb1 Qb8+ 43. Kc2 (43. Ka2 $142) 43... Qc7 44. Nb2 d3+ 45. Kxd3 Ba3 (45... Qb6 $142 46. Kc2 Qf2+ 47. Kb3 Qe3+ 48. Ka2 Bc5) 46. Nd1 Qb6 47. h6 $2 (47. Nc3 $18 {is more deadly.}) 47... Qd4+ $2 {[%mdl 8192]} (47... Qb1+ $16 48. Ke2 Qc2+ 49. Kf1 Bf8) 48. Kc2 {[%csl Gh6][%cal Rg4g7]} (48. Ke2 Qxc4+ 49. Kf3 Qc7 $18) 48... Qxc4+ (48... Bf8 {was worth a try.} 49. Qh4 Qxc4+ 50. Nc3 Qa6) 49. Nc3 {[%csl Gh6][%cal Rg4g7]} Bf8 50. Qh5 ({Not} 50. Qe2 Qxe2+ 51. Nxe2 Bxh6 $16) 50... Qc5 51. Qe8 Qf2+ 52. Kb3 {[%cal Re8f8]} Qb6+ {[#]} 53. Qb5 $1 {[%cal Rb5b6]} Qd8 54. Qc6 Bxh6 55. d6 Bf8 56. Nb5 Qb8 57. Qc7 (57. d7 $142 Qd8 58. Qc8) 57... Bxd6 58. Qxd6 Qxd6 59. Nxd6 h5 60. Ne8 {Precision: White = 52%, Black = 50%.} 1-0

[Event "8th RTU Open 2018"]
[Site "Riga"]
[Date "2018.08.09"]
[Round "6"]
[White "Berzinsh, Roland"]
[Black "Gorodetzky, Matan"]
[Result "1/2-1/2"]
[WhiteElo "2408"]
[BlackElo "2231"]
[Annotator "NA"]
[PlyCount "98"]
[EventDate "2018.08.06"]
[EventType "swiss"]
[EventCountry "LAT"]
[SourceTitle "playchess.com"]
[Source "ChessBase"]
[SourceQuality "1"]
[TimeControl "5400+30"]

1. d4 {[%emt 0:03:14]} e6 {[%emt 0:00:00]} 2. Nf3 {[%emt 0:02:41]} d5 {[%emt 0:00:06]} 3. Bf4 {[%emt 0:00:18]} Nf6 {[%emt 0:01:06]} 4. e3 {[%emt 0:00:08]} c5 {[%emt 0:00:35]} 5. Nbd2 {[%emt 0:00:12]} Nc6 {[%emt 0:00:11]} 6. c3 {[%emt 0:00:08]} cxd4 {[%emt 0:00:05]} 7. exd4 {[%emt 0:00:06]} Nh5 {[%emt 0:00:05]} 8. Bg5 {[%emt 0:00:09]} f6 {[%emt 0:00:50]} 9. Be3 {[%emt 0:00:09]} Bd6 {[%emt 0:03:26]} 10. Bb5 {[%emt 0:00:33]} O-O {[%emt 0:04:42]} 11. O-O {[%emt 0:00:33]} Qb6 {[%emt 0:09:19]} 12. c4 {[%emt 0:09:50]} Na5 {[%emt 0:15:22]} 13. b3 {[%emt 0:05:53]} g6 {[%emt 0:06:35]} 14. Rc1 {[%emt 0:10:53]} Ba3 {[%emt 0:13:48]} 15. Rc2 {[%emt 0:00:26]} Ng7 {[%emt 0:02:34]} 16. Nb1 {[%emt 0:00:49]} Be7 {[%emt 0:00:35]} 17. Nc3 {[%emt 0:15:51]} a6 {[%emt 0:03:18]} 18. c5 {[%emt 0:00:05]} Qd8 {[%emt 0:00:21]} 19. Be2 {[%emt 0:01:10]} Nc6 {[%emt 0:05:19]} 20. Na4 {[%emt 0:00:31]} Nf5 {[%emt 0:02:34]} 21. Bc1 {[%emt 0:04:56]} g5 {[%emt 0:04:11]} 22. Nb6 {[%emt 0:00:06]} Rb8 {[%emt 0:01:46]} 23. g4 {[%emt 0:00:48]} Nh6 {[%emt 0:00:29]} 24. Ne1 {[%emt 0:00:14]} f5 {[%emt 0:04:58]} 25. f3 {[%emt 0:03:44]} Nb4 {[%emt 0:03:21]} 26. Rb2 {[%emt 0:02:13]} e5 {[%emt 0:02:15]} 27. Be3 {[%emt 0:03:18]} fxg4 {[%emt 0:02:16]} 28. fxg4 {[%emt 0:00:14]} Rxf1+ {[%emt 0:01:13]} 29. Kxf1 {[%emt 0:00:04]} Be6 {[%emt 0:00:47]} 30. h3 {[%emt 0:06:18]} Qf8+ {[%emt 0:02:01]} 31. Kg2 {[%emt 0:00:08]} Nc6 {[%emt 0:01:06]} 32. Nf3 {[%emt 0:01:05]} Nf7 {[%emt 0:01:19]} 33. b4 {[%emt 0:05:26]} Qg7 {[%emt 0:00:36]} 34. dxe5 {[%emt 0:03:15]} Nfxe5 {[%emt 0:00:52]} 35. Nxe5 Nxe5 36. Bd4 {[%emt 0:02:08]} Bf6 {[%emt 0:00:56]} 37. Rd2 {[%emt 0:01:32]} Ng6 {[%emt 0:00:58]} 38. Be3 {[%emt 0:00:35]} d4 {[%emt 0:02:04]} 39. Bf2 {[%emt 0:08:10]} Nf4+ {[%emt 0:00:05]} 40. Kh2 {[%emt 0:00:04]} Be5 {[%emt 0:02:11]} 41. Bg3 {[%emt 0:00:07]} Rd8 {[%emt 0:01:01]} 42. Nc4 {[%emt 0:00:29]} h5 {[%emt 0:03:46]} 43. Nxe5 {[%emt 0:01:19]} Qxe5 44. gxh5 {[%emt 0:00:01]} Qe3 {[%emt 0:00:55]} 45. Bf3 {[%emt 0:00:59]} d3 {[%emt 0:00:58]} 46. Bf2 {[%emt 0:06:04]} Qe5 {[%emt 0:00:01]} 47. Bg3 {[%emt 0:00:01]} Qe3 {[%emt 0:00:03]} 48. Bf2 {[%emt 0:00:10]} Qe5 {[%emt 0:00:12]} 49. Bg3 {[%emt 0:00:05]} Qe3 1/2-1/2

[Event "8th RTU Open 2018"]
[Site "Riga"]
[Date "2018.08.09"]
[Round "6"]
[White "Bernotas, Arturs"]
[Black "Mierins, Eriks"]
[Result "1/2-1/2"]
[WhiteElo "2406"]
[BlackElo "2235"]
[Annotator "NA"]
[PlyCount "126"]
[EventDate "2018.08.06"]
[EventType "swiss"]
[EventCountry "LAT"]
[SourceTitle "playchess.com"]
[Source "ChessBase"]
[SourceQuality "1"]
[TimeControl "5400+30"]

1. e4 {[%emt 0:03:46]} e5 {[%emt 0:02:30]} 2. Nf3 {[%emt 0:00:10]} Nc6 {[%emt 0:00:04]} 3. d4 {[%emt 0:00:15]} exd4 {[%emt 0:00:05]} 4. Nxd4 {[%emt 0:00:08]} Nf6 {[%emt 0:00:05]} 5. Nxc6 {[%emt 0:00:10]} bxc6 {[%emt 0:00:07]} 6. Qe2 {[%emt 0:00:07]} Bb4+ {[%emt 0:06:07]} 7. c3 {[%emt 0:03:43]} Be7 {[%emt 0:03:50]} 8. e5 {[%emt 0:00:32]} Nd5 {[%emt 0:00:30]} 9. c4 {[%emt 0:01:38]} Nb6 {[%emt 0:00:32]} 10. Qg4 {[%emt 0:06:03]} Kf8 {[%emt 0:01:21]} 11. Be2 {[%emt 0:05:37]} d5 {[%emt 0:08:19]} 12. Qf4 {[%emt 0:03:10]} Nxc4 {[%emt 0:02:59]} 13. Bxc4 {[%emt 0:00:57]} dxc4 {[%emt 0:00:05]} 14. O-O {[%emt 0:00:53]} Be6 {[%emt 0:02:06]} 15. Nc3 {[%emt 0:00:46]} Qd3 {[%emt 0:06:20]} 16. Ne4 {[%emt 0:05:35]} h6 {[%emt 0:05:30]} 17. Bd2 {[%emt 0:24:43]} g5 {[%emt 0:00:46]} 18. Qe3 {[%emt 0:05:05]} Kg7 {[%emt 0:05:49]} 19. Qxd3 {[%emt 0:03:14]} cxd3 {[%emt 0:00:06]} 20. Rfc1 {[%emt 0:00:10]} Rab8 {[%emt 0:02:33]} 21. b3 {[%emt 0:03:26]} Bd5 {[%emt 0:02:20]} 22. Nc5 {[%emt 0:02:18]} Rhd8 {[%emt 0:01:48]} 23. Rc3 {[%emt 0:04:01]} Rb5 {[%emt 0:08:26]} 24. Rac1 {[%emt 0:03:13]} Ra5 {[%emt 0:03:22]} 25. Na4 {[%emt 0:05:06]} Ba3 {[%emt 0:31:34]} 26. Re1 {[%emt 0:02:12]} Ra6 {[%emt 0:03:13]} 27. Rxd3 {[%emt 0:00:38]} c5 {[%emt 0:00:46]} 28. Be3 {[%emt 0:03:06]} c6 {[%emt 0:00:40]} 29. h4 {[%emt 0:02:30]} Kg6 {[%emt 0:00:27]} 30. hxg5 {[%emt 0:01:48]} hxg5 {[%emt 0:00:18]} 31. Nxc5 {[%emt 0:02:12]} Bxc5 {[%emt 0:00:10]} 32. Bxc5 {[%emt 0:00:05]} Rxa2 {[%emt 0:00:08]} 33. Rg3 {[%emt 0:00:08]} Rg8 {[%emt 0:01:23]} 34. f4 {[%emt 0:01:16]} Kf5 {[%emt 0:00:19]} 35. fxg5 {[%emt 0:00:11]} Kf4 {[%emt 0:01:27]} 36. Bf2 {[%emt 0:04:48]} Rxg5 {[%emt 0:00:42]} 37. Rxg5 {[%emt 0:00:34]} Kxg5 {[%emt 0:00:02]} 38. b4 {[%emt 0:00:21]} Rb2 {[%emt 0:00:39]} 39. Ra1 {[%emt 0:00:47]} Rxb4 {[%emt 0:00:43]} 40. Rxa7 {[%emt 0:00:10]} Kf5 {[%emt 0:00:44]} 41. Re7 {[%emt 0:01:10]} Rg4 {[%emt 0:00:04]} 42. Kf1 {[%emt 0:01:19]} Bxg2+ {[%emt 0:00:27]} 43. Ke2 {[%emt 0:00:01]} Bd5 {[%emt 0:00:11]} 44. Kd3 {[%emt 0:00:14]} Ra4 {[%emt 0:00:46]} 45. Bd4 {[%emt 0:00:19]} Ra3+ {[%emt 0:00:54]} 46. Bc3 {[%emt 0:00:11]} c5 {[%emt 0:00:27]} 47. Rc7 {[%emt 0:00:22]} c4+ {[%emt 0:00:08]} 48. Kd4 {[%emt 0:00:03]} Be6 {[%emt 0:00:11]} 49. Rb7 {[%emt 0:00:12]} Ra8 {[%emt 0:00:08]} 50. Rb1 {[%emt 0:00:25]} Rd8+ {[%emt 0:00:13]} 51. Kc5 {[%emt 0:00:42]} Rd5+ {[%emt 0:00:30]} 52. Kb4 {[%emt 0:00:20]} Rd3 {[%emt 0:00:54]} 53. Rf1+ {[%emt 0:00:22]} Ke4 {[%emt 0:00:12]} 54. Re1+ {[%emt 0:00:15]} Kd5 {[%emt 0:00:40]} 55. Re2 {[%emt 0:00:14]} Rf3 {[%emt 0:00:49]} 56. Rd2+ {[%emt 0:00:15]} Rd3 {[%emt 0:00:17]} 57. Rxd3+ {[%emt 0:03:10]} cxd3 {[%emt 0:00:05]} 58. Kb3 {[%emt 0:00:07]} Ke4+ {[%emt 0:00:19]} 59. Kb2 {[%emt 0:00:11]} Ke3 {[%emt 0:01:16]} 60. Kc1 {[%emt 0:00:07]} Bb3 {[%emt 0:00:43]} 61. Ba5 {[%emt 0:00:14]} Bc2 {[%emt 0:00:23]} 62. Bb6+ {[%emt 0:00:15]} Ke4 {[%emt 0:01:12]} 63. Bc7 {[%emt 0:00:12]} Ke3 {[%emt 0:00:09]} 1/2-1/2

[Event "8th RTU Open 2018"]
[Site "Riga"]
[Date "2018.08.09"]
[Round "6"]
[White "Lagunow, Raphael"]
[Black "Hjelmaas, Lars"]
[Result "1-0"]
[WhiteElo "2404"]
[BlackElo "2271"]
[Annotator "NA"]
[PlyCount "61"]
[EventDate "2018.08.06"]
[EventType "swiss"]
[EventCountry "LAT"]
[SourceTitle "playchess.com"]
[Source "ChessBase"]
[SourceQuality "1"]
[TimeControl "5400+30"]

1. e4 {[%emt 0:07:29]} e6 {[%emt 0:00:19]} 2. b3 {[%emt 0:00:07]} c5 {[%emt 0:00:53]} 3. Bb2 {[%emt 0:00:20]} Nc6 {[%emt 0:00:36]} 4. Nf3 {[%emt 0:01:31]} d6 {[%emt 0:02:20]} 5. d4 {[%emt 0:02:33]} cxd4 {[%emt 0:06:45]} 6. Nxd4 {[%emt 0:00:21]} e5 {[%emt 0:01:15]} 7. Ne2 {[%emt 0:15:00]} Nf6 {[%emt 0:02:43]} 8. Nbc3 {[%emt 0:00:07]} Be7 {[%emt 0:06:55]} 9. g3 {[%emt 0:13:33]} h5 {[%emt 0:10:26]} 10. h3 {[%emt 0:01:16]} Nb4 {[%emt 0:04:45]} 11. a3 {[%emt 0:06:11]} Na6 {[%emt 0:00:47]} 12. Bg2 {[%emt 0:00:06]} Nc5 {[%emt 0:01:42]} 13. Qd2 {[%emt 0:01:42]} Be6 {[%emt 0:03:48]} 14. f4 {[%emt 0:06:56]} h4 {[%emt 0:06:04]} 15. g4 {[%emt 0:02:20]} Qb6 {[%emt 0:06:48]} 16. Rd1 {[%emt 0:05:53]} Bxg4 {[%emt 0:06:01]} 17. hxg4 {[%emt 0:02:18]} Nxb3 {[%emt 0:07:05]} 18. cxb3 {[%emt 0:15:28]} Nxg4 {[%emt 0:00:29]} 19. Nd4 {[%emt 0:03:45]} exd4 {[%emt 0:02:43]} 20. Nd5 {[%emt 0:00:49]} Qxb3 {[%emt 0:01:10]} 21. Rh3 {[%emt 0:00:14]} Ne3 {[%emt 0:01:31]} 22. Nxe3 {[%emt 0:06:47]} dxe3 {[%emt 0:00:09]} 23. Rxe3 {[%emt 0:00:01]} Qb5 {[%emt 0:01:41]} 24. Bh3 {[%emt 0:00:09]} Rh6 {[%emt 0:04:25]} 25. Qe2 {[%emt 0:01:11]} Qa5+ {[%emt 0:00:51]} 26. Bc3 {[%emt 0:00:23]} Qb6 {[%emt 0:00:17]} 27. Bxg7 {[%emt 0:01:51]} Rg6 {[%emt 0:00:15]} 28. Bd4 {[%emt 0:00:04]} Qa5+ {[%emt 0:00:55]} 29. Kf2 {[%emt 0:00:01]} f6 {[%emt 0:02:53]} 30. Bf5 {[%emt 0:00:35]} Rg8 {[%emt 0:00:48]} 31. Qh5+ {[%emt 0:00:25]} 1-0